000
00291nam a22001337a 4500
008
170614b xxu||||| |||| 00| 0 eng d
020
_a
9780984785704
041
_a
eng
080
_a
94
100
_a
19
101
_a
SHH
245
_a
AMERICA CAPITALISM
_c
ALPEROVITZ.G
942
_2
udc
_c
BK
999
_c
17304
_d
17304